[Event "SR 4. liga A21 2017/2018"]
[Site "?"]
[Date "2017.12.10"]
[Round "6.3"]
[White "Karel, Jozef"]
[Black "Vagovic, Milan"]
[Result "0-1"]
[WhiteElo "1708"]
[BlackElo "1650"]
[PlyCount "92"]
[EventDate "2017.??.??"]

1. e4 c5 2. Nf3 d6 3. d4 cxd4 4. Nxd4 Nf6 5. Nc3 a6 6. Bc4 e6 7. O-O Be7 8. Bb3
O-O 9. Be3 Nc6 10. f4 Bd7 11. Qf3 e5 12. fxe5 dxe5 13. Nf5 Bxf5 14. Qxf5 Nd4
15. Qxe5 Nxb3 16. axb3 Re8 17. Rad1 Qc8 18. Qf4 Bc5 19. e5 Bxe3+ 20. Qxe3 Ng4
21. Qf4 Nxe5 22. Rd5 f6 23. Rfd1 Qc6 24. Qd2 Rac8 25. h3 Rc7 26. Qf2 Re6 27.
R1d2 Rd7 28. Rxd7 Nxd7 29. Ne2 Rd6 30. Nd4 Qb6 31. c3 Nc5 32. Kh2 Qc7 33. g3
Ne4 34. Qe1 f5 35. Re2 g6 36. Kg2 Rf6 37. Re3 Qc5 38. Qe2 Qd5 39. Kh2 b5 40. b4
Qd6 41. Qe1 Rf7 42. Kg1 Ng5 43. Re8+ Rf8 44. Rxf8+ Kxf8 45. Kh2 Qxd4 46. Qe2
Qe4 0-1

[Event "SR 4. liga A21 2017/2018"]
[Site "?"]
[Date "2017.12.10"]
[Round "6.3"]
[White "Piestansky, Jan"]
[Black "Sulko, Vit"]
[Result "0-1"]
[WhiteElo "1650"]
[BlackElo "1649"]
[PlyCount "89"]
[EventDate "2017.??.??"]

1. e4 c5 2. Bc4 d6 3. h3 Nf6 4. d3 g6 5. Nf3 Bg7 6. c3 Nc6 7. Bb3 O-O 8. O-O
Na5 9. Bc2 b6 10. Be3 Bb7 11. Nbd2 Nc6 12. Rb1 Nh5 13. Re1 d5 14. exd5 Qxd5 15.
Nf1 e6 16. Bb3 Qd6 17. N1h2 Ne5 18. d4 cxd4 19. Nxe5 Bxe5 20. Ng4 dxe3 21. Rxe3
Qxd1+ 22. Rxd1 Bg7 23. Red3 Nf4 24. Rd7 Bxg2 25. Rc7 Bxh3 26. Ne3 Be5 27. Rcd7
Bf6 28. Kh2 Rfd8 29. Kg3 Rxd7 30. Rxd7 g5 31. Nc4 Rd8 32. Rxa7 Rd3+ 33. Ne3 h5
34. Bc2 h4+ 35. Kf3 Bg2+ 36. Kg4 Rd2 37. Nxg2 Rxc2 38. Nxf4 gxf4 39. Kxf4 Rxb2
40. Kg4 Rxf2 41. Kh5 Kg7 42. Ra4 Rg2 43. Rg4+ Rxg4 44. Kxg4 Bxc3 45. Kxh4 0-1

[Event "SR 4. liga A21 2017/2018"]
[Site "?"]
[Date "2017.12.10"]
[Round "6.3"]
[White "Pinkas, Jan"]
[Black "Pripko, Bystrik"]
[Result "0-1"]
[WhiteElo "1471"]
[BlackElo "1621"]
[PlyCount "164"]
[EventDate "2017.??.??"]

1. e4 e5 2. Nf3 Nc6 3. b3 Nf6 4. d3 h6 5. a3 a6 6. Bb2 d6 7. h3 Be7 8. Be2 O-O
9. Nbd2 Nh7 10. d4 exd4 11. Nxd4 Nxd4 12. Bxd4 Bf6 13. Bxf6 Qxf6 14. Bf3 Ng5
15. O-O Nxf3+ 16. Nxf3 Qg6 17. Kh1 Qxe4 18. Re1 Qf5 19. Re3 Bd7 20. Qd2 Rfe8
21. Nd4 Qg5 22. Rae1 Rxe3 23. Rxe3 Re8 24. Rxe8+ Bxe8 25. Qxg5 hxg5 26. Nf3 f6
27. c3 Kf7 28. Kh2 c5 29. b4 Bc6 30. Nd2 cxb4 31. axb4 d5 32. Kg3 b6 33. Nb3
Ba4 34. Nd4 g6 35. h4 gxh4+ 36. Kxh4 Ke7 37. f4 Bd7 38. g4 a5 39. g5 a4 40. Kg3
a3 41. gxf6+ Kxf6 42. Nb3 Ba4 43. Nc1 Bc2 44. Kf2 Bb1 45. Nb3 a2 46. Ke3 Kf5
47. Kf3 Bc2 48. Na1 Be4+ 49. Ke3 Kg4 50. c4 Kf5 51. cxd5 Bxd5 52. Nc2 Bc4 53.
Na1 Ke6 54. Kd4 Bd5 55. Ke3 Kd6 56. Kd4 Be6 57. Nc2 Kc6 58. Kc3 Kd5 59. Kb2 Ke4
60. Ne1 Kxf4 61. Nd3+ Ke3 62. Ne5 g5 63. Ng6 g4 64. Nh4 g3 65. Ng2+ Kf2 66. Nf4
g2 67. Nxg2 Kxg2 68. Ka1 Kf3 69. b5 Ke3 70. Kb2 Kd4 71. Ka1 Kc5 72. Kb2 Kxb5
73. Ka1 Kc5 74. Kb2 b5 75. Ka1 Kc4 76. Kb2 b4 77. Ka1 Kd3 78. Kb2 Kd2 79. Ka1
Bf5 80. Kb2 a1=Q+ 81. Kxa1 Kc3 82. Ka2 b3+ 0-1

[Event "SR 4. liga A21 2017/2018"]
[Site "?"]
[Date "2017.12.10"]
[Round "6.4"]
[White "Vach, Jozef"]
[Black "Musaev, Matej Elbek"]
[Result "1-0"]
[WhiteElo "1685"]
[BlackElo "1748"]
[PlyCount "113"]
[EventDate "2017.??.??"]

1. e4 c5 2. Nf3 d6 3. c3 Nf6 4. e5 dxe5 5. Nxe5 e6 6. Bb5+ Bd7 7. Nxd7 Nbxd7 8.
d4 cxd4 9. Qxd4 a6 10. Bxd7+ Qxd7 11. Qxd7+ Nxd7 12. Be3 Bc5 13. Ke2 Bxe3 14.
Kxe3 Ne5 15. Nd2 O-O 16. f4 Ng4+ 17. Kf3 Nf6 18. Rad1 Rfd8 19. Ne4 Nxe4 20.
Kxe4 f5+ 21. Ke3 Kf7 22. c4 Ke7 23. b3 b6 24. Ke2 h6 25. Kf3 g5 26. g3 Kf6 27.
Rhe1 g4+ 28. Kf2 b5 29. cxb5 axb5 30. Rxd8 Rxd8 31. Ke3 b4 32. Rc1 Ra8 33. Rc2
Ke7 34. Kd4 Kd6 35. Ke3 Ra5 36. Rd2+ Ke7 37. Rc2 Kd7 38. Ke2 Kd6 39. Ke3 e5 40.
fxe5+ Kxe5 41. Kd3 Kd5 42. Rf2 Kc6 43. Kc4 Rb5 44. Re2 Rb6 45. Re5 Kd6 46. Rxf5
Ke6 47. Rh5 Kd7 48. Kc5 Kc7 49. Rf5 Ra6 50. Kxb4 Rxa2 51. Rh5 Ra6 52. Rh4 Rg6
53. Rh5 Rc6 54. Rc5 Kb6 55. Rxc6+ Kxc6 56. Kc4 Kb6 57. Kd4 1-0

[Event "SR 4. liga A21 2017/2018"]
[Site "?"]
[Date "2017.12.10"]
[Round "6.4"]
[White "Sedlak, Rastislav"]
[Black "Stasek, Daniel"]
[Result "1/2-1/2"]
[WhiteElo "1663"]
[BlackElo "1600"]
[PlyCount "66"]
[EventDate "2017.??.??"]

1. e4 e6 2. d4 d5 3. exd5 exd5 4. c4 dxc4 5. Bxc4 Nf6 6. Nc3 Bb4 7. Nf3 O-O 8.
O-O h6 9. a3 Bxc3 10. bxc3 Ne4 11. Qb3 Nc6 12. Bd3 Nc5 13. Qc2 Nxd3 14. Qxd3
Qf6 15. Be3 Bg4 16. Nd2 Bf5 17. Qb5 Qg6 18. Rfe1 b6 19. Bf4 Na5 20. Nf3 Bd3 21.
Qb4 Qg4 22. Bxc7 Rfc8 23. Ne5 Qf5 24. Nxd3 Rxc7 25. Ne5 Rac8 26. Re3 Nc6 27.
Nxc6 Rxc6 28. Rae1 Qc2 29. h3 Rxc3 30. Re8+ Rxe8 31. Rxe8+ Kh7 32. Re7 Qc1+ 33.
Kh2 Qf4+ 1/2-1/2

[Event "SR 4. liga A21 2017/2018"]
[Site "?"]
[Date "2017.12.10"]
[Round "6.4"]
[White "Stehlik, Jan"]
[Black "Siska, Kristof"]
[Result "0-1"]
[WhiteElo "1595"]
[BlackElo "1671"]
[PlyCount "74"]
[EventDate "2017.??.??"]

1. e4 c5 2. Nf3 e6 3. c3 Nc6 4. d4 cxd4 5. cxd4 Nf6 6. Nc3 Bb4 7. Bg5 Qa5 8.
Qd3 Bxc3+ 9. bxc3 Nxe4 10. Bd2 Nxd2 11. Nxd2 d5 12. Be2 O-O 13. f4 Ne7 14. O-O
Bd7 15. Nb3 Qc7 16. Rf3 Ng6 17. Qd2 b6 18. Bd3 Rac8 19. Rc1 Qd6 20. Qe1 Rc7 21.
g3 a5 22. Qe2 a4 23. Na1 Qa3 24. Qd2 Rfc8 25. Bb1 b5 26. Bxg6 hxg6 27. h4 b4
28. Kf2 Rxc3 29. Rfxc3 Rxc3 30. Rxc3 bxc3 31. Qd3 Qb2+ 32. Nc2 Bb5 33. Qd1 Qxa2
34. Ke3 Qb2 35. Ne1 a3 36. Nd3 Bxd3 37. Kxd3 a2 0-1

[Event "SR 4. liga A21 2017/2018"]
[Site "?"]
[Date "2017.12.10"]
[Round "6.4"]
[White "Nedorost, Lubomir"]
[Black "Datko, Jan"]
[Result "1-0"]
[WhiteElo "1639"]
[BlackElo "1206"]
[PlyCount "53"]
[EventDate "2017.??.??"]

1. e4 e5 2. Nc3 Nf6 3. Bc4 Bc5 4. d3 Nc6 5. f4 Bb4 6. Nf3 d5 7. exd5 Nxd5 8.
O-O Nxf4 9. Re1 Ng6 10. Bg5 f6 11. Bd2 Bc5+ 12. Kh1 Bg4 13. Ne4 Bb6 14. c3 Qe7
15. b4 O-O-O 16. a4 a5 17. Rb1 Nf4 18. Bxf4 exf4 19. Nc5 Ne5 20. d4 Bxc5 21.
bxc5 Bxf3 22. gxf3 Qf8 23. Qb3 Nxc4 24. Qxb7+ Kd7 25. Qb5+ Kc8 26. c6 Nb6 27.
Qa6+ 1-0

[Event "SR 4. liga A21 2017/2018"]
[Site "?"]
[Date "2017.12.10"]
[Round "6.5"]
[White "Ocko, Martin"]
[Black "Moravec, Milan"]
[Result "1-0"]
[WhiteElo "1986"]
[BlackElo "1657"]
[PlyCount "45"]
[EventDate "2017.??.??"]

1. e4 e6 2. Nf3 d5 3. e5 c5 4. b4 cxb4 5. a3 bxa3 6. d4 Bb4+ 7. c3 Be7 8. Bd3
Bd7 9. Nxa3 Bxa3 10. Bxa3 Ne7 11. h4 h5 12. Qd2 O-O 13. Qg5 Nbc6 14. Qxh5 g6
15. Qh6 f5 16. exf6 Rxf6 17. Ng5 Rf7 18. Nxf7 Kxf7 19. h5 Qg8 20. hxg6+ Nxg6
21. Qh7+ Qxh7 22. Rxh7+ Ke8 23. Bxg6+ 1-0

[Event "SR 4. liga A21 2017/2018"]
[Site "?"]
[Date "2017.12.10"]
[Round "6.5"]
[White "Cerovsky, Marian"]
[Black "Ulehla, Jakub"]
[Result "1/2-1/2"]
[WhiteElo "1794"]
[BlackElo "1730"]
[PlyCount "77"]
[EventDate "2017.??.??"]

1. e4 c5 2. Bc4 Nc6 3. a4 g6 4. Nf3 Bg7 5. c3 d6 6. h3 Nf6 7. d3 O-O 8. O-O e6
9. Bg5 Qc7 10. Qd2 Rd8 11. Nh2 d5 12. exd5 exd5 13. Ba2 Bf5 14. Nf3 d4 15. cxd4
Nxd4 16. Nh4 Qd7 17. Bc4 Nc6 18. Nxf5 Qxf5 19. Nc3 Ne5 20. Qf4 Qxf4 21. Bxf4
Nxd3 22. Bg5 h6 23. Bxf6 Bxf6 24. Ne4 Bg7 25. Bxd3 Rxd3 26. Nxc5 Rd2 27. Rab1
b6 28. Ne4 Rxb2 29. Rxb2 Bxb2 30. Rd1 Be5 31. Rd5 Re8 32. f3 f5 33. Nf2 Bg3 34.
Nd3 Kf7 35. Kf1 Re7 36. a5 bxa5 37. Rxa5 Re3 38. Rxa7+ Ke6 39. Ra3 1/2-1/2

[Event "SR 4. liga A21 2017/2018"]
[Site "?"]
[Date "2017.12.10"]
[Round "6.5"]
[White "Trojkova, Michaela"]
[Black "Dubecky, Ladislav"]
[Result "1-0"]
[WhiteElo "1632"]
[BlackElo "1632"]
[PlyCount "161"]
[EventDate "2017.??.??"]

1. e4 e5 2. Nf3 Nc6 3. Bc4 d6 4. h3 Be7 5. d3 Na5 6. Bb3 Nxb3 7. axb3 Nf6 8.
Nc3 O-O 9. Be3 a6 10. Qd2 Be6 11. g4 Nd7 12. Ng5 Bxg5 13. Bxg5 f6 14. Be3 Nc5
15. Ne2 Qe7 16. Ng3 g6 17. g5 f5 18. exf5 Bxf5 19. h4 Bg4 20. h5 Rf3 21. hxg6
hxg6 22. Rh6 Rf7 23. Rxg6+ Rg7 24. Rh6 Kf7 25. Rf6+ Ke8 26. Nf5 Bxf5 27. Rxf5
Ne6 28. O-O-O Kd7 29. Rh1 Rag8 30. Rg1 Rg6 31. Qb4 Ke8 32. Qg4 Kd7 33. Kd2 Qe8
34. Rh1 R8g7 35. f4 exf4 36. Bxf4 Qe7 37. Be3 Qe8 38. Rhf1 Kd8 39. Bd4 Rh7 40.
Bf6+ Kc8 41. R5f2 Qg8 42. Re2 Kd7 43. Qf5 Rxg5 44. Bxg5 Qxg5+ 45. Qxg5 Nxg5 46.
Rg2 Ne6 47. Rgf2 Ke7 48. Re1 Kd7 49. Kc3 Nc5 50. Ref1 Kc6 51. b4 Na4+ 52. Kb3
Nb6 53. c4 Rh3 54. Rf3 Rxf3 55. Rxf3 Nd7 56. d4 b5 57. cxb5+ axb5 58. Rf7 d5
59. Kc3 Kd6 60. b3 Kc6 61. Kd3 Kd6 62. Ke3 Ke6 63. Rh7 Kd6 64. Kf4 Kc6 65. Kf5
Nb6 66. Ke5 Kb7 67. Rh6 Ka6 68. Rxb6+ Kxb6 69. Kxd5 Kb7 70. Kc5 c6 71. d5 cxd5
72. Kxd5 Kb6 73. Kd6 Kb7 74. Kc5 Kc7 75. Kxb5 Kb7 76. Kc5 Kc7 77. b5 Kc8 78.
Kc6 Kb8 79. Kb6 Ka8 80. Kc7 Ka7 81. b6+ 1-0

[Event "SR 4. liga A21 2017/2018"]
[Site "?"]
[Date "2017.12.10"]
[Round "6.5"]
[White "Damborsky, Pavol"]
[Black "Drozd, Jan"]
[Result "1/2-1/2"]
[WhiteElo "1630"]
[BlackElo "1537"]
[PlyCount "62"]
[EventDate "2017.??.??"]

1. e4 c5 2. Bc4 Nc6 3. Nf3 d6 4. a3 Nf6 5. d3 e6 6. Bg5 Be7 7. Nc3 a6 8. O-O
O-O 9. Ne2 b5 10. Ba2 h6 11. Bxf6 Bxf6 12. c3 Ne5 13. Nxe5 Bxe5 14. f4 Bf6 15.
Qc2 e5 16. Bd5 Rb8 17. h3 Bb7 18. Bxb7 Rxb7 19. Rf3 d5 20. exd5 Qxd5 21. Rd1
Rd7 22. fxe5 Bxe5 23. Nf4 Bxf4 24. Rxf4 Rfd8 25. Rf3 Re8 26. Rdf1 Rde7 27. Rf5
Qc6 28. R5f2 Qd5 29. Rf5 Qd6 30. Qf2 f6 31. Qxc5 Qxd3 1/2-1/2

[Event "SR 4. liga A21 2017/2018"]
[Site "?"]
[Date "2017.12.10"]
[Round "6.5"]
[White "Hrdlicka, Martin"]
[Black "Pisecky, Jan"]
[Result "0-1"]
[WhiteElo "1413"]
[BlackElo "1348"]
[PlyCount "62"]
[EventDate "2017.??.??"]

1. e4 e5 2. Nf3 d6 3. d4 exd4 4. Qxd4 Nc6 5. Bb5 Bd7 6. Bxc6 Bxc6 7. O-O f6 8.
Nc3 Ne7 9. Re1 Ng6 10. Be3 Be7 11. Rad1 O-O 12. Qc4+ Kh8 13. Bd4 Qc8 14. Nd5
Bd8 15. Re3 Bd7 16. Rde1 Be6 17. Qd3 c6 18. c4 cxd5 19. exd5 Bf5 20. Qc3 Qd7
21. Nd2 Bb6 22. Bxb6 axb6 23. h3 Rae8 24. g4 Rxe3 25. Rxe3 Bxg4 26. hxg4 Qxg4+
27. Rg3 Qd1+ 28. Kh2 Re8 29. Qd4 Re1 30. Nf3 Rh1+ 31. Kg2 Qf1# 0-1

[Event "SR 4. liga A21 2017/2018"]
[Site "?"]
[Date "2017.12.10"]
[Round "6.6"]
[White "Podjavorinsky, Michal"]
[Black "Valigursky, Michal"]
[Result "1-0"]
[WhiteElo "1878"]
[BlackElo "1718"]
[PlyCount "71"]
[EventDate "2017.??.??"]

1. e4 e5 2. Nf3 Nc6 3. d4 exd4 4. Bc4 Nf6 5. e5 d5 6. Bb5 Ne4 7. Nxd4 Bd7 8.
Bxc6 bxc6 9. O-O Bc5 10. Be3 O-O 11. f3 Ng5 12. Qd2 Bxd4 13. Bxd4 Bf5 14. Nc3
Ne6 15. Bf2 d4 16. Ne2 c5 17. Ng3 Bg6 18. f4 f5 19. Rad1 Qd5 20. b3 Rad8 21. c3
Be8 22. cxd4 Bb5 23. Rfe1 Bc6 24. Be3 cxd4 25. Qe2 Ba8 26. Bc1 d3 27. Qf2 Nc5
28. Be3 Ne4 29. Nxe4 fxe4 30. Rd2 g5 31. Qg3 Rf5 32. Rc1 Kh8 33. Qh3 Rf7 34.
Rc5 Qb7 35. e6 Rxf4 36. e7 1-0

[Event "SR 4. liga A21 2017/2018"]
[Site "?"]
[Date "2017.12.10"]
[Round "6.6"]
[White "Klimes, Karel"]
[Black "Miciak, Emanuel"]
[Result "0-1"]
[WhiteElo "1652"]
[BlackElo "1885"]
[PlyCount "84"]
[EventDate "2017.??.??"]

1. e4 c5 2. Nf3 d6 3. Bc4 Nf6 4. d3 e6 5. Bg5 Be7 6. Nc3 Nc6 7. a3 Bd7 8. O-O
O-O 9. d4 cxd4 10. Nxd4 a6 11. Nde2 Qc7 12. Ng3 Rac8 13. Ba2 h6 14. Bf4 Rfd8
15. Nce2 Na5 16. Rc1 b5 17. Qd3 Qb8 18. b3 Nc6 19. Rfd1 Be8 20. h3 Ne5 21. Qd4
Ng6 22. Bd2 d5 23. exd5 Bxa3 24. Rb1 Rxd5 25. Qa1 b4 26. c3 a5 27. Be3 Rxd1+
28. Rxd1 bxc3 29. Nxc3 Bb4 30. Nce4 Nxe4 31. Nxe4 Rd8 32. Rxd8 Qxd8 33. Qc1 Bb5
34. Bd2 Bxd2 35. Nxd2 Nf4 36. Kh2 Ne2 37. Qe1 Qd6+ 38. Kh1 Qe5 39. Nf3 Qc3 40.
Qd1 Qc1 41. Qxc1 Nxc1 42. Nd4 Bd3 0-1

[Event "SR 4. liga A21 2017/2018"]
[Site "?"]
[Date "2017.12.10"]
[Round "6.6"]
[White "Jancovicova, Petra"]
[Black "Vozarova, Adriana"]
[Result "1-0"]
[WhiteElo "1740"]
[BlackElo "1605"]
[PlyCount "41"]
[EventDate "2017.??.??"]

1. e4 c5 2. Nf3 Nc6 3. d4 cxd4 4. Nxd4 g6 5. Nc3 Bg7 6. Be3 Nf6 7. Be2 O-O 8.
O-O d5 9. exd5 Nxd5 10. Nxd5 Qxd5 11. Bf3 Qd7 12. Nxc6 bxc6 13. Qxd7 Bxd7 14.
Rad1 Bf5 15. c3 Rfc8 16. Rd2 e5 17. Rfd1 a5 18. Be2 Be6 19. Ba6 Rcb8 20. Bb7
Rxb7 21. Rd8+ 1-0

[Event "SR 4. liga A21 2017/2018"]
[Site "?"]
[Date "2017.12.10"]
[Round "6.6"]
[White "Wallner, Juraj"]
[Black "Lajda, Dusan"]
[Result "1/2-1/2"]
[WhiteElo "1590"]
[BlackElo "1784"]
[PlyCount "82"]
[EventDate "2017.??.??"]

1. e4 c5 2. Nf3 d6 3. d4 cxd4 4. Nxd4 Nc6 5. Be3 Nf6 6. Nc3 g6 7. Qd2 Bg7 8. h3
Bd7 9. Be2 O-O 10. g4 a6 11. g5 Ne8 12. h4 b5 13. h5 Nc7 14. f4 e6 15. Bf3 Nxd4
16. Bxd4 e5 17. Bb6 Bc6 18. hxg6 fxg6 19. Qh2 Rxf4 20. Qxh7+ Kf7 21. Ke2 Qe7
22. Qh2 b4 23. Nd1 Bxe4 24. Bxe4 Rxe4+ 25. Be3 Rh8 26. Qg2 Reh4 27. Rxh4 Rxh4
28. Qf2+ Rf4 29. Bxf4 exf4+ 30. Kf1 Qxg5 31. c3 Nd5 32. Qa7+ Kg8 33. Qxa6 f3
34. Qc8+ Bf8 35. Qe6+ Kg7 36. Qh3 Qf6 37. Kf2 bxc3 38. bxc3 Nxc3 39. Nxc3 Qxc3
40. Qd7+ Kg8 41. Qe6+ Kg7 1/2-1/2

[Event "SR 4. liga A21 2017/2018"]
[Site "?"]
[Date "2017.12.10"]
[Round "6.6"]
[White "Podjavorinsky, Peter"]
[Black "Tomasovic, Roman"]
[Result "1-0"]
[WhiteElo "1674"]
[BlackElo "1571"]
[PlyCount "49"]
[EventDate "2017.??.??"]

1. e4 e5 2. Nf3 Nc6 3. d4 exd4 4. Bc4 h6 5. O-O Bc5 6. c3 d6 7. cxd4 Bb6 8. h3
Nge7 9. Nc3 O-O 10. Be3 Ng6 11. Nd5 Re8 12. Bd3 Nce7 13. Nxb6 axb6 14. Qd2 d5
15. e5 Nf5 16. Bf4 Nxf4 17. Qxf4 Ne7 18. g4 Ng6 19. Qg3 c5 20. h4 Qd7 21. Bf5
Qb5 22. h5 Bxf5 23. gxf5 Nf8 24. f6 Qd3 25. Qxg7# 1-0

[Event "SR 4. liga A21 2017/2018"]
[Site "?"]
[Date "2018.01.14"]
[Round "7.1"]
[White "Valigursky, Michal"]
[Black "Vogl, Zdenek"]
[Result "1-0"]
[WhiteElo "1721"]
[BlackElo "1929"]
[PlyCount "47"]
[EventDate "2017.??.??"]

1. e4 e5 2. f4 exf4 3. Nf3 d6 4. Bc4 Be6 5. Bxe6 fxe6 6. d4 g5 7. O-O Nd7 8. e5
dxe5 9. dxe5 Qe7 10. c3 O-O-O 11. b4 Nxe5 12. Nd4 c5 13. Qe2 cxd4 14. Qxe5 Bg7
15. Qa5 Kb8 16. Rd1 Nh6 17. Bb2 dxc3 18. Nxc3 Bd4+ 19. Rxd4 e5 20. Rxd8+ Rxd8
21. Nd5 Rxd5 22. Qxd5 e4 23. Be5+ Ka8 24. Rc1 1-0

[Event "SR 4. liga A21 2017/2018"]
[Site "?"]
[Date "2018.01.14"]
[Round "7.1"]
[White "Vepy, Ivan"]
[Black "Klimes, Karel"]
[Result "1-0"]
[WhiteElo "1858"]
[BlackElo "1648"]
[PlyCount "39"]
[EventDate "2017.??.??"]
[WhiteTeam "ŠK Skalica B"]
[BlackTeam "ŠK Štefanov"]

1. e4 e6 2. d4 d5 3. exd5 exd5 4. Nf3 Bf5 5. Bd3 Bxd3 6. Qxd3 a6 7. O-O Be7 8.
Re1 Nf6 9. Bg5 O-O 10. Nbd2 Nc6 11. c3 Re8 12. Ne5 Qd6 13. Nf1 Ne4 14. Bxe7
Nxe7 15. Re2 Ng6 16. Nxg6 Qxg6 17. Ne3 c6 18. Rae1 Kf8 19. c4 Ng3 20. Qa3+ 1-0

[Event "SR 4. liga A21 2017/2018"]
[Site "?"]
[Date "2018.01.14"]
[Round "7.1"]
[White "Vozarova, Adriana"]
[Black "Planka, Peter"]
[Result "0-1"]
[WhiteElo "1592"]
[BlackElo "1791"]
[PlyCount "46"]
[EventDate "2017.??.??"]
[WhiteTeam "ŠK Štefanov"]
[BlackTeam "ŠK Skalica B"]

1. e4 e5 2. f4 d5 3. exd5 Qxd5 4. Nc3 Qe6 5. Nf3 exf4+ 6. Be2 Bd6 7. O-O Nf6 8.
Bb5+ Kf8 9. Re1 Qg4 10. h3 Qh5 11. Qe2 Be6 12. d4 c6 13. Bd3 Nbd7 14. Bc4 Re8
15. Bxe6 Rxe6 16. Qf2 Rxe1+ 17. Qxe1 Qf5 18. Qe2 g5 19. b3 Kg7 20. Qf2 Kg6 21.
Bb2 Re8 22. Na4 Ne4 23. Qf1 Ng3 0-1

[Event "SR 4. liga A21 2017/2018"]
[Site "?"]
[Date "2018.01.14"]
[Round "7.1"]
[White "Tomasovic, Roman"]
[Black "Danihel, Jozef"]
[Result "1/2-1/2"]
[WhiteElo "1557"]
[BlackElo "1529"]
[PlyCount "39"]
[EventDate "2017.??.??"]
[WhiteTeam "ŠK Štefanov"]
[BlackTeam "ŠK Skalica B"]

1. d4 e6 2. c4 Nf6 3. e3 g6 4. Nc3 Bg7 5. Nf3 O-O 6. Be2 d5 7. cxd5 exd5 8. O-O
a6 9. h3 Nbd7 10. Qb3 c6 11. Rb1 Re8 12. Bd2 b5 13. a4 Ne4 14. axb5 axb5 15.
Ra1 Bb7 16. Nxe4 dxe4 17. Nh2 Qb6 18. f3 exf3 19. Bxf3 Rxa1 20. Rxa1 1/2-1/2

[Event "SR 4. liga A21 2017/2018"]
[Site "?"]
[Date "2018.01.14"]
[Round "7.2"]
[White "Moravec, Milan"]
[Black "Miciak, Emanuel"]
[Result "0-1"]
[WhiteElo "1651"]
[BlackElo "1900"]
[PlyCount "78"]
[EventDate "2017.??.??"]
[WhiteTeam "ŠO Kopèany"]
[BlackTeam "ZŠK Vrbové B"]

1. d4 Nf6 2. c4 g6 3. Nc3 Bg7 4. e4 d6 5. f3 O-O 6. Be3 e5 7. d5 Nh5 8. Qd2 f5
9. exf5 gxf5 10. O-O-O Na6 11. Bd3 Nc5 12. Bxc5 dxc5 13. Nge2 Rf6 14. Kb1 Bh6
15. Qc2 Rf7 16. h3 Nf4 17. Nxf4 Bxf4 18. g4 Qf6 19. gxf5 Bxf5 20. Bxf5 Qxf5 21.
Qxf5 Rxf5 22. Rdg1+ Kh8 23. Nb5 Rf7 24. d6 cxd6 25. Nxd6 Rd7 26. Rd1 Be3 27.
Ne4 Rxd1+ 28. Rxd1 Bd4 29. Nd2 Rg8 30. Nb3 Rg3 31. f4 exf4 32. Nxd4 cxd4 33.
Rxd4 f3 34. Rd8+ Rg8 35. Rd1 f2 36. Kc2 Rg1 37. Rd8+ Kg7 38. Rd7+ Kf8 39. Rd8+
Ke7 0-1

[Event "SR 4. liga A21 2017/2018"]
[Site "?"]
[Date "2018.01.14"]
[Round "7.2"]
[White "Jancovicova, Petra"]
[Black "Cerovsky, Marian"]
[Result "1/2-1/2"]
[WhiteElo "1722"]
[BlackElo "1792"]
[PlyCount "91"]
[EventDate "2017.??.??"]
[WhiteTeam "ZŠK Vrbové B"]
[BlackTeam "ŠO Kopèany"]

1. e4 e5 2. Nf3 Nc6 3. d4 exd4 4. Nxd4 Qf6 5. Be3 Bc5 6. c3 a5 7. Bc4 Ne5 8.
Bb3 Nh6 9. h3 Qa6 10. Bc2 O-O 11. Qh5 Re8 12. f4 Bxd4 13. Bxd4 Nd3+ 14. Bxd3
Qxd3 15. Nd2 Qg3+ 16. Kd1 Qxf4 17. Rf1 Qd6 18. Qg5 Qg6 19. Qxg6 fxg6 20. Kc2 d6
21. Rae1 c5 22. Bg1 b5 23. Bh2 Ra6 24. Rd1 Bb7 25. Rfe1 Nf7 26. Re2 Re6 27.
Rde1 Ra8 28. Kd1 Rae8 29. b3 Ng5 30. h4 Nxe4 31. Nxe4 Bxe4 32. Kc1 d5 33. Bg1
c4 34. bxc4 bxc4 35. Bd4 Rb8 36. Rb2 Rxb2 37. Kxb2 Re8 38. g3 Rb8+ 39. Ka3 Rf8
40. Ka4 Bc2+ 41. Ka3 Be4 42. Ka4 h6 43. Ka3 a4 44. Rg1 h5 45. Re1 Kh7 46. Rg1
1/2-1/2

[Event "SR 4. liga A21 2017/2018"]
[Site "?"]
[Date "2018.01.14"]
[Round "7.2"]
[White "Damborsky, Pavol"]
[Black "Lajda, Dusan"]
[Result "0-1"]
[WhiteElo "1627"]
[BlackElo "1780"]
[PlyCount "64"]
[EventDate "2017.??.??"]
[WhiteTeam "ŠO Kopèany"]
[BlackTeam "ZŠK Vrbové B"]

1. c4 Nf6 2. Nc3 g6 3. d4 Bg7 4. Nf3 O-O 5. e4 d6 6. Be2 Nbd7 7. O-O e5 8. d5
Nc5 9. Bg5 a5 10. a4 h6 11. Bxf6 Bxf6 12. h3 Bg7 13. Qc2 f5 14. exf5 Bxf5 15.
Qd1 g5 16. Nh2 Qe7 17. g4 Bg6 18. Ra3 Rf7 19. f3 Raf8 20. Qd2 Qf6 21. Ne4 Qf4
22. Qxf4 Rxf4 23. Nxc5 dxc5 24. Rd1 e4 25. Kg2 Bd4 26. Rf1 c6 27. b3 R8f6 28.
Ra2 Kf7 29. Bd1 Ke7 30. fxe4 Rxf1 31. Nxf1 Bxe4+ 32. Bf3 Rxf3 0-1

[Event "SR 4. liga A21 2017/2018"]
[Site "?"]
[Date "2018.01.14"]
[Round "7.2"]
[White "Podjavorinsky, Peter"]
[Black "Pisecky, Jan"]
[Result "1-0"]
[WhiteElo "1675"]
[BlackElo "1372"]
[PlyCount "49"]
[EventDate "2017.??.??"]
[WhiteTeam "ZŠK Vrbové B"]
[BlackTeam "ŠO Kopèany"]

1. e4 e5 2. Nf3 d6 3. Nc3 Be6 4. d4 exd4 5. Nxd4 c6 6. Bd3 Nd7 7. O-O Ngf6 8.
Nxe6 fxe6 9. Be3 Ne5 10. Be2 h5 11. h3 Nf7 12. f4 g6 13. Qe1 e5 14. fxe5 Nxe5
15. Qf2 Ned7 16. Rad1 b6 17. Bg5 Be7 18. e5 dxe5 19. Qg3 Qc7 20. Bxf6 Bxf6 21.
Qxg6+ Ke7 22. Bc4 Raf8 23. Ne4 b5 24. Nxf6 Nxf6 25. Qg7+ 1-0

[Event "SR 4. liga A21 2017/2018"]
[Site "?"]
[Date "2018.01.14"]
[Round "7.2"]
[White "Sprusansky, Ferdinand"]
[Black "Smrek, Peter"]
[Result "0-1"]
[WhiteElo "1373"]
[BlackElo "1720"]
[PlyCount "84"]
[EventDate "2017.??.??"]
[WhiteTeam "ŠO Kopèany"]
[BlackTeam "ZŠK Vrbové B"]

1. e4 c5 2. Nf3 Nc6 3. d4 cxd4 4. Nxd4 d6 5. Bb5 Bd7 6. a3 Nf6 7. Nc3 a6 8. Ba4
e6 9. Bg5 Be7 10. O-O Qc7 11. Re1 h6 12. Bh4 Rd8 13. Bg3 Qb6 14. Nxc6 Bxc6 15.
Bxc6+ bxc6 16. b4 O-O 17. Qd3 d5 18. exd5 Nxd5 19. Rad1 Nxb4 20. axb4 Rxd3 21.
Rxd3 Rd8 22. Red1 Rxd3 23. Rxd3 Qxb4 24. Be5 f6 25. Bc7 e5 26. g3 e4 27. Re3
Bc5 28. Bd6 Bxd6 29. Nxe4 Be5 30. c3 Qb1+ 31. Kg2 a5 32. f4 Bc7 33. c4 Bb6 34.
c5 Bxc5 35. Nd2 Qc2 36. Re8+ Kf7 37. Rd8 Bb4 38. Rd7+ Ke6 39. Rxg7 Bxd2 40. Rb7
Bxf4+ 41. Kf3 Bxg3 42. hxg3 a4 0-1

[Event "SR 4. liga A21 2017/2018"]
[Site "?"]
[Date "2018.01.14"]
[Round "7.3"]
[White "Husek, Lubomir"]
[Black "Jarabek, Milan"]
[Result "1-0"]
[WhiteElo "1830"]
[BlackElo "1734"]
[PlyCount "87"]
[EventDate "2017.??.??"]
[WhiteTeam "Šachový klub Holíè B"]
[BlackTeam "CVÈ Senica B"]

1. e4 e5 2. f4 d5 3. exd5 e4 4. d3 Qxd5 5. Nc3 Bb4 6. Qe2 Bxc3+ 7. bxc3 Nf6 8.
Ba3 Bg4 9. Qe3 Nbd7 10. Be2 O-O-O 11. d4 Nb6 12. Bxg4+ Nxg4 13. Qg3 f5 14. h3
Nf6 15. Ne2 Nc4 16. Bc1 e3 17. O-O Ne4 18. Qh4 Rd6 19. Rf3 Rg6 20. Qe7 Nxc3 21.
Ng3 Ne2+ 22. Kh2 Nxg3 23. Rxg3 Re6 24. Qxg7 Rhe8 25. Qf7 e2 26. Be3 Qd7 27.
Qxd7+ Kxd7 28. Rg7+ Kd6 29. Bf2 e1=Q 30. Bxe1 Rxe1 31. Rxe1 Rxe1 32. Rxh7 Re2
33. Rg7 Rxc2 34. h4 Re2 35. h5 Re6 36. Kh3 b5 37. Kh4 Ne3 38. g3 Nd5 39. Kg5
Nf6 40. h6 Ng4 41. h7 Rh6 42. Rg6+ Ke7 43. Rxh6 Nxh6 44. Kxh6 1-0

[Event "SR 4. liga A21 2017/2018"]
[Site "?"]
[Date "2018.01.14"]
[Round "7.3"]
[White "Buran, Andrej"]
[Black "Zlamal, Marek"]
[Result "0-1"]
[WhiteElo "1582"]
[BlackElo "1835"]
[PlyCount "56"]
[EventDate "2017.??.??"]
[WhiteTeam "CVÈ Senica B"]
[BlackTeam "Šachový klub Holíè B"]

1. e4 e5 2. Nf3 Nc6 3. d4 exd4 4. Nxd4 Bc5 5. c3 Qf6 6. Be3 Nge7 7. Be2 O-O 8.
O-O a6 9. f4 d6 10. f5 d5 11. Rf3 dxe4 12. Rg3 Bxd4 13. cxd4 Nxf5 14. Rh3 Nfxd4
15. Rg3 Nf5 16. Rh3 Nxe3 17. Rxe3 Qd4 18. Qxd4 Nxd4 19. Bd1 f5 20. Nc3 Be6 21.
Rc1 Rad8 22. g4 g6 23. gxf5 gxf5 24. Bh5 Kh8 25. Na4 Rd7 26. a3 Rg8+ 27. Rg3
Rxg3+ 28. hxg3 h6 0-1